中間進化のポケモン - Statistics

General Stats
  • This quiz has been taken 288 times
  • The average score is 57 of 117
Answer Stats
登場世代 Answer 備考 % Correct
1 フシギソウ
95%
リザード
95%
カメール
93%
トランセル
85%
コクーン
81%
ピジョン
81%
ピカチュウ ※第2世代から
80%
ハクリュー
78%
ワカシャモ
76%
ヌマクロー
74%
ブーバー ※第4世代から
73%
2 ベイリーフ
73%
3 ジュプトル
73%
モウカザル
72%
ゴースト
71%
エレブー ※第4世代から
70%
マグマラシ
70%
アリゲイツ
70%
ポッタイシ
70%
ゴーリキー
68%
フタチマル
68%
プリン ※第2世代から
66%
4 ハヤシガメ
66%
ユンゲラー
65%
サナギラス
65%
ゴローン / アローラゴローン
64%
コモルー
64%
ガバイト
64%
5 ジャノビー
64%
ゲコガシラ
64%
ピッピ ※第2世代から
63%
テールナー
63%
レアコイル ※第4世代から
62%
チャオブー
62%
ムクバード
59%
7 フクスロー
57%
クサイハナ
56%
キルリア
56%
6 ハリボーグ
56%
ニャヒート
56%
オシャマリ
56%
サイドン ※第4世代から
55%
ニドリーナ
54%
ニドリーノ
54%
ウツドン
54%
ジヘッド
54%
マユルド
53%
メタング
53%
ゴルバット ※第2世代から
52%
アチゲータ
51%
ラッキー ※第4世代から
50%
カラサリス
50%
ラビフット
50%
9 ニャローテ
50%
トゲチック ※第4世代から
48%
モココ
48%
ギギアル
48%
8 バチンキー
48%
ルクシオ
46%
ハトーボー
46%
ホイーガ
46%
ニョロゾ
45%
シードラ ※第2世代から
44%
マリル ※第3世代から
44%
コドラ
44%
オノンド
44%
ヒノヤコマ
44%
ヌメイル / ヒスイヌメイル
44%
ジメレオン
44%
ポリゴン2 ※第4世代から
44%
ウェルカモ
43%
ハーデリア
42%
クルマユ
42%
コスモウム
42%
ビブラーバ
41%
ドテッコツ
41%
オコリザル ※第9世代から
40%
ハスブレロ
40%
ロゼリア ※第4世代から
40%
キリキザン ※第9世代から
39%
リングマ ※LEGENDSアルセウスから
38%
イノムー ※第4世代から
38%
ダブラン
38%
ワルビル
37%
バニリッチ
37%
ランプラー
37%
コフーライ
37%
ポポッコ
36%
コノハナ
36%
ガントル
36%
ゴチミル
36%
シビビール
36%
デンヂムシ
35%
ジャランゴ
34%
ドゴーム
33%
サマヨール ※第4世代から
33%
ガマガル
33%
ヤルキモノ
31%
トドグラー
31%
ニダンギル
31%
ドロンチ
31%
ケララッパ
30%
セゴール
29%
フラエッテ
27%
パモット
25%
アオガラス
24%
アママイコ
23%
ギモー
21%
テブリム
20%
レドームシ
19%
トロッゴン
19%
カミッチュ
17%
ガラルマッスグマ
16%
ナカヌチャン
15%
オリーニョ
13%
ジオヅム
12%
ガラルバリヤード
11%
No matching quizzes found
Score Distribution
Percent of People with Each Score
Percentile by Number Answered
Your Score History
You have not taken this quiz